| 000 | 00763nam a22002297a 4500 | ||
|---|---|---|---|
| 999 |
_c16821 _d16821 |
||
| 003 | AR-CdUCM | ||
| 008 | 190409b ||||| |||| 00| 0 spa d | ||
| 040 |
_aMUNICIPALIDAD PROVINCIAL DEL CUSCO _cBIBLIOTECA MUNICIPAL DEL CUSCO |
||
| 082 |
_25ed _a371.264 / _bAD237 |
||
| 100 |
_aAdler, Alfred _923317 |
||
| 245 | _aLa psicología individual y la escuela / | ||
| 260 |
_aBuenos Aires : _bLosada, _c1959. |
||
| 300 |
_a151 páginas ; _c20 cm. |
||
| 440 |
_aBiblioteca pedagógica _936504 |
||
| 505 | _aContenido: Psicología individual. | ||
| 650 |
_aPsicología individual _930510 |
||
| 650 |
_aPsicología del niño _95112 |
||
| 650 |
_aEducacional _927984 |
||
| 700 |
_aSalas, José (traducción) _926170 |
||
| 942 |
_2ddc _cLIBROS |
||
| 945 |
_adavv _d06/05/2019 |
||